00450nam a2200181Ia 4500003000400000005001700004008004100021040000700062041000900069082001600078100004900094245005400143260002000197300001100217365001000228650001500238650001500253OSt20250917114142.0210719s1988 xx 000 0 und d cAL aTulu aT894.2 RAVT aRAV (P K)dರಾವ್ (ಪಿ ಎಸ್)  aTaburana parakebತಬುರನ ಪರಕೆ  aMangalorec1988 a59bPB b5cRs aTulu Drama aTulu Drama